Т. 2; Соленосные формации и практическое значение их изучения

Detalhes bibliográficos
Parent link:Соленосные формации и практическое значение их изучения: тезисы докладов II Всесоюзного солевого совещания 10-14 сентября 1979 г./ Академия наук СССР (АН СССР), Отделение геологии, геофизики и геохимии (ОГГиГ). Т. 2.— , 1979-
Idioma:russo
Publicado em: 1979
Assuntos:
Formato: MixedMaterials Livro
KOHA link:https://koha.lib.tpu.ru/cgi-bin/koha/opac-detail.pl?biblionumber=119471

MARC

LEADER 00000nam2a2200000 4500
001 119471
005 20231031124618.0
035 |a (RuTPU)RU\TPU\book\129301 
090 |a 119471 
100 |a 20070705d1979 m y0rusy50 ca 
101 0 |a rus 
102 |a RU 
105 |a a z 000zy 
200 0 |a Т. 2 
210 |d 1979 
215 |a 168 с.  |c ил. 
461 1 |0 (RuTPU)RU\TPU\book\147663  |t Соленосные формации и практическое значение их изучения  |o тезисы докладов II Всесоюзного солевого совещания 10-14 сентября 1979 г.  |f Академия наук СССР (АН СССР), Отделение геологии, геофизики и геохимии (ОГГиГ)  |v Т. 2  |d 1979-  
610 1 |a соленосные отложения 
610 1 |a тезисы 
675 |a 552.53(063)  |v 3 
801 1 |a RU  |b 63413507  |c 20070705  |g PSBO 
801 2 |a RU  |b 63413507  |c 20101206  |g PSBO 
942 |c BK